00317nam a2200133Ia 4500008004100000100001800041245003300059250001200092260002500104300000800129650002400137942000700161999001500168190216s9999||||xx |||||||||||||| ||und|| aAntropov. L.I 0aTheoretical Electrochemistry a1st Ed. bMir Publishersc1972 a567 aChemistry-Chemistry cBK c2115d2115